[Event "DEM U16 2021"]
[Site "Willingen GER"]
[Date "2021.08.24"]
[Round "3"]
[White "Musiolik, David"]
[Black "Nied, Pascal"]
[Result "1-0"]
[Termination "normal"]
[Board "10"]
[WhiteElo "2286"]
[BlackElo "1870"]
[WhiteClock "00:43:33"]
[BlackClock "00:10:21"]
[PlyCount "93"]
[WhiteFideId "12972355"]
[BlackFideId "16260597"]
[EventCountry "GER"]
[EventRounds "9"]
[EventType "swiss"]
[EventDate "2021.08.22"]

1. e4 {[%clk 1:30:54]} e6 {[%clk 1:30:57]} 2. d4 {[%clk 1:31:19]} d5 {[%clk
1:31:24]} 3. e5 {[%clk 1:31:43]} c5 {[%clk 1:31:50]} 4. c3 {[%clk 1:32:08]} Qb6
{[%clk 1:32:17]} 5. Nf3 {[%clk 1:32:26]} Nc6 {[%clk 1:32:43]} 6. a3 {[%clk
1:32:44]} Nh6 {[%clk 1:33:09]} 7. b4 {[%clk 1:33:07]} cxd4 {[%clk 1:33:34]} 8.
b5 {[%clk 1:33:31]} Na5 {[%clk 1:27:51]} 9. Bxh6 {[%clk 1:33:56]} gxh6 {[%clk
1:28:08]} 10. cxd4 {[%clk 1:34:19]} Bd7 {[%clk 1:26:53]} 11. Nbd2 {[%clk
1:34:37]} Rc8 {[%clk 1:13:20]} 12. a4 {[%clk 1:34:44]} Bb4 {[%clk 1:06:27]} 13.
Rb1 {[%clk 1:30:49]} Bc3 {[%clk 1:04:44]} 14. Bd3 {[%clk 1:30:59]} Nc4 {[%clk
0:51:24]} 15. Bxc4 {[%clk 1:25:32]} Rxc4 {[%clk 0:47:12]} 16. O-O {[%clk
1:24:54]} Bxd2 {[%clk 0:35:29]} 17. Qxd2 {[%clk 1:23:28]} Rxa4 {[%clk 0:30:17]}
18. Qxh6 {[%clk 1:20:56]} Rg8 {[%clk 0:22:34]} 19. Qxh7 {[%clk 1:14:35]} Kf8
{[%clk 0:19:28]} 20. h4 {[%clk 1:06:38]} Rg7 {[%clk 0:17:17]} 21. Qh8+ {[%clk
1:05:43]} Rg8 {[%clk 0:17:44]} 22. Qf6 {[%clk 1:05:31]} Rg6 {[%clk 0:16:20]}
23. Qf4 {[%clk 1:05:23]} Qd8 {[%clk 0:15:13]} 24. h5 {[%clk 1:02:52]} Rg7
{[%clk 0:14:50]} 25. h6 {[%clk 1:01:06]} Rg6 {[%clk 0:14:36]} 26. g3 {[%clk
0:54:36]} Kg8 {[%clk 0:13:30]} 27. Nh4 {[%clk 0:43:23]} Rg5 {[%clk 0:13:25]}
28. h7+ {[%clk 0:42:40]} Kxh7 {[%clk 0:13:43]} 29. Qxf7+ {[%clk 0:42:31]} Rg7
{[%clk 0:14:02]} 30. Qh5+ {[%clk 0:41:57]} Kg8 {[%clk 0:14:29]} 31. Nf3 {[%clk
0:41:19]} Qe8 {[%clk 0:13:26]} 32. Qh4 {[%clk 0:29:51]} Rh7 {[%clk 0:11:07]}
33. Qg5+ {[%clk 0:29:06]} Rg7 {[%clk 0:11:05]} 34. Qf6 {[%clk 0:24:16]} Rf7
{[%clk 0:11:14]} 35. Qg6+ {[%clk 0:23:01]} Rg7 {[%clk 0:11:36]} 36. Qd3 {[%clk
0:22:28]} Ra5 {[%clk 0:09:03]} 37. Qc3 {[%clk 0:22:15]} Rxb5 {[%clk 0:08:57]}
38. Ra1 {[%clk 0:22:18]} a6 {[%clk 0:08:15]} 39. Kg2 {[%clk 0:22:33]} Rb6
{[%clk 0:01:26]} 40. Rh1 {[%clk 0:21:41]} Bb5 {[%clk 0:00:54]} 41. Rh6 {[%clk
0:15:46]} Rc6 {[%clk 0:16:35]} 42. Qe3 {[%clk 0:44:49]} Rcc7 {[%clk 0:09:22]}
43. Rah1 {[%clk 0:45:02]} Kf8 {[%clk 0:09:21]} 44. Rh8+ {[%clk 0:43:47]} Rg8
{[%clk 0:09:48]} 45. Qh6+ {[%clk 0:43:34]} Rcg7 {[%clk 0:09:59]} 46. Rxg8+
{[%clk 0:43:41]} Kxg8 {[%clk 0:10:21]} 47. Ng5 {[%clk 0:43:33]} 1-0

[Event "DEM U16 2021"]
[Site "Willingen GER"]
[Date "2021.08.24"]
[Round "3"]
[White "Laux, Dominik"]
[Black "Alhamid, Mohamad"]
[Result "1-0"]
[Termination "normal"]
[Board "11"]
[WhiteElo "2085"]
[BlackElo "1652"]
[WhiteClock "00:10:27"]
[BlackClock "00:00:57"]
[PlyCount "55"]
[WhiteFideId "12994219"]
[BlackFideId "16235665"]
[EventCountry "GER"]
[EventRounds "9"]
[EventType "swiss"]
[EventDate "2021.08.22"]

1. d4 {[%clk 1:30:31]} Nf6 {[%clk 1:27:23]} 2. Bg5 {[%clk 1:28:47]} Ne4 {[%clk
1:27:14]} 3. Bf4 {[%clk 1:29:10]} c5 {[%clk 1:26:30]} 4. f3 {[%clk 1:28:37]}
Nf6 {[%clk 1:24:40]} 5. dxc5 {[%clk 1:28:40]} b6 {[%clk 1:24:42]} 6. e4 {[%clk
1:27:19]} e6 {[%clk 1:20:21]} 7. Bd6 {[%clk 1:24:28]} bxc5 {[%clk 1:18:19]} 8.
Na3 {[%clk 1:14:26]} Ba6 {[%clk 0:48:13]} 9. Bxa6 {[%clk 1:00:39]} Qa5+ {[%clk
0:41:44]} 10. Kf2 {[%clk 0:57:49]} Qxa6 {[%clk 0:40:59]} 11. Bxf8 {[%clk
0:57:18]} Rxf8 {[%clk 0:41:05]} 12. Ne2 {[%clk 0:52:26]} Nc6 {[%clk 0:32:52]}
13. Qd6 {[%clk 0:49:42]} c4 {[%clk 0:21:39]} 14. Qc5 {[%clk 0:45:12]} Qa5
{[%clk 0:11:07]} 15. Nb5 {[%clk 0:33:29]} Rb8 {[%clk 0:05:49]} 16. Nd6+ {[%clk
0:28:29]} Kd8 {[%clk 0:06:12]} 17. Nb7+ {[%clk 0:28:26]} Rxb7 {[%clk 0:06:39]}
18. Qxf8+ {[%clk 0:28:51]} Kc7 {[%clk 0:06:35]} 19. Rhd1 {[%clk 0:28:15]} Qe5
{[%clk 0:03:58]} 20. b3 {[%clk 0:24:23]} g5 {[%clk 0:01:56]} 21. Kg1 {[%clk
0:20:01]} g4 {[%clk 0:01:05]} 22. Qxf7 {[%clk 0:13:39]} gxf3 {[%clk 0:01:22]}
23. gxf3 {[%clk 0:13:59]} Qg5+ {[%clk 0:01:29]} 24. Kh1 {[%clk 0:14:01]} Ne5
{[%clk 0:01:33]} 25. Qf8 {[%clk 0:11:28]} Nxf3 {[%clk 0:01:34]} 26. Qd6+ {[%clk
0:11:05]} Kc8 {[%clk 0:01:52]} 27. Rf1 {[%clk 0:10:37]} Ne8 {[%clk 0:00:57]}
28. Qf8 {[%clk 0:10:27]} 1-0

[Event "DEM U16 2021"]
[Site "Willingen GER"]
[Date "2021.08.24"]
[Round "3"]
[White "Chassard, Cedric"]
[Black "Kulm, Justin"]
[Result "1/2-1/2"]
[Termination "normal"]
[Board "12"]
[WhiteElo "1971"]
[BlackElo "1628"]
[WhiteClock "00:08:41"]
[BlackClock "00:02:46"]
[PlyCount "121"]
[WhiteFideId "16243536"]
[BlackFideId "34603565"]
[EventCountry "GER"]
[EventRounds "9"]
[EventType "swiss"]
[EventDate "2021.08.22"]

1. e4 {[%clk 1:30:57]} c5 {[%clk 1:30:32]} 2. Nf3 {[%clk 1:31:20]} Nc6 {[%clk
1:30:51]} 3. Bb5 {[%clk 1:31:43]} g6 {[%clk 1:31:09]} 4. Bxc6 {[%clk 1:32:08]}
dxc6 {[%clk 1:31:31]} 5. d3 {[%clk 1:32:28]} Bg7 {[%clk 1:31:32]} 6. h3 {[%clk
1:32:37]} Nf6 {[%clk 1:31:08]} 7. Nc3 {[%clk 1:31:33]} Nd7 {[%clk 1:27:12]} 8.
Be3 {[%clk 1:30:34]} e5 {[%clk 1:27:07]} 9. Qd2 {[%clk 1:29:36]} h6 {[%clk
1:27:17]} 10. O-O {[%clk 1:27:15]} b6 {[%clk 1:26:43]} 11. Nh2 {[%clk 1:27:21]}
Nf8 {[%clk 1:20:48]} 12. f4 {[%clk 1:27:01]} exf4 {[%clk 1:19:30]} 13. Bxf4
{[%clk 1:27:17]} Ne6 {[%clk 1:19:44]} 14. Be3 {[%clk 1:26:10]} Nd4 {[%clk
1:19:12]} 15. Rae1 {[%clk 1:24:16]} Be6 {[%clk 1:17:15]} 16. e5 {[%clk
1:20:49]} Nf5 {[%clk 1:07:20]} 17. Bf2 {[%clk 1:18:47]} h5 {[%clk 1:02:29]} 18.
Nf3 {[%clk 1:14:05]} Bh6 {[%clk 0:55:14]} 19. Qe2 {[%clk 1:13:47]} h4 {[%clk
0:49:22]} 20. Ne4 {[%clk 1:13:36]} Bf4 {[%clk 0:42:22]} 21. Nf6+ {[%clk
1:10:55]} Kf8 {[%clk 0:41:41]} 22. Qe4 {[%clk 1:05:47]} g5 {[%clk 0:27:09]} 23.
Rd1 {[%clk 0:50:54]} Qc7 {[%clk 0:18:27]} 24. c3 {[%clk 0:46:30]} Rd8 {[%clk
0:13:31]} 25. d4 {[%clk 0:41:18]} c4 {[%clk 0:10:27]} 26. d5 {[%clk 0:39:21]}
cxd5 {[%clk 0:10:43]} 27. Nxd5 {[%clk 0:39:20]} Qb7 {[%clk 0:06:05]} 28. Nf6
{[%clk 0:38:52]} Qxe4 {[%clk 0:05:50]} 29. Rxd8+ {[%clk 0:38:44]} Kg7 {[%clk
0:06:03]} 30. Nxe4 {[%clk 0:36:38]} Rxd8 {[%clk 0:06:22]} 31. Nexg5 {[%clk
0:35:14]} Bxg5 {[%clk 0:05:32]} 32. Nxg5 {[%clk 0:35:14]} Rd2 {[%clk 0:04:27]}
33. Nxe6+ {[%clk 0:24:53]} fxe6 {[%clk 0:04:49]} 34. Rb1 {[%clk 0:23:49]} Kg6
{[%clk 0:02:43]} 35. a4 {[%clk 0:23:36]} Rd5 {[%clk 0:01:35]} 36. Re1 {[%clk
0:22:15]} Ra5 {[%clk 0:01:24]} 37. Re4 {[%clk 0:20:40]} Rxa4 {[%clk 0:01:31]}
38. Bxh4 {[%clk 0:20:29]} Nxh4 {[%clk 0:01:14]} 39. Rxh4 {[%clk 0:20:57]} Kf5
{[%clk 0:01:05]} 40. Kh2 {[%clk 0:21:17]} Kxe5 {[%clk 0:00:58]} 41. b4 {[%clk
0:19:10]} b5 {[%clk 0:21:22]} 42. Rg4 {[%clk 0:43:53]} Ra3 {[%clk 0:13:30]} 43.
Rg3 {[%clk 0:43:59]} a5 {[%clk 0:08:36]} 44. bxa5 {[%clk 0:09:14]} b4 {[%clk
0:05:02]} 45. Rg5+ {[%clk 0:08:33]} Kf6 {[%clk 0:02:36]} 46. Rc5 {[%clk
0:08:14]} Rxc3 {[%clk 0:00:59]} 47. a6 {[%clk 0:08:27]} Ra3 {[%clk 0:00:46]}
48. Rxc4 {[%clk 0:08:48]} e5 {[%clk 0:00:35]} 49. Rxb4 {[%clk 0:08:44]} Rxa6
{[%clk 0:00:51]} 50. g4 {[%clk 0:07:24]} Kg5 {[%clk 0:00:34]} 51. Rb2 {[%clk
0:06:13]} Ra3 {[%clk 0:00:35]} 52. Rg2 {[%clk 0:05:56]} Kh4 {[%clk 0:00:37]}
53. g5 {[%clk 0:06:03]} Rxh3+ {[%clk 0:00:41]} 54. Kg1 Rf3 {[%clk 0:00:50]} 55.
g6 {[%clk 0:06:43]} Rf8 {[%clk 0:01:11]} 56. g7 {[%clk 0:06:59]} Rg8 {[%clk
0:01:39]} 57. Kf2 {[%clk 0:07:07]} Kh5 {[%clk 0:01:53]} 58. Kf3 {[%clk
0:07:35]} Kh6 {[%clk 0:02:09]} 59. Ke4 {[%clk 0:08:05]} Rxg7 {[%clk 0:02:24]}
60. Rxg7 {[%clk 0:08:14]} Kxg7 {[%clk 0:02:46]} 61. Kxe5 {[%clk 0:08:41]}
1/2-1/2

[Event "DEM U16 2021"]
[Site "Willingen GER"]
[Date "2021.08.24"]
[Round "3"]
[White "Klugstedt, Vincent C."]
[Black "Tovmasyan, Minas"]
[Result "1-0"]
[Termination "normal"]
[Board "13"]
[WhiteElo "1932"]
[BlackElo "1869"]
[WhiteClock "00:41:17"]
[BlackClock "00:00:35"]
[PlyCount "129"]
[WhiteFideId "16216393"]
[BlackFideId "16247620"]
[EventCountry "GER"]
[EventRounds "9"]
[EventType "swiss"]
[EventDate "2021.08.22"]

1. d4 {[%clk 1:30:58]} Nf6 {[%clk 1:30:52]} 2. c4 {[%clk 1:31:21]} e6 {[%clk
1:31:05]} 3. Nc3 {[%clk 1:31:43]} Bb4 {[%clk 1:31:28]} 4. Qc2 {[%clk 1:31:42]}
O-O {[%clk 1:31:50]} 5. Bg5 {[%clk 1:30:52]} h6 {[%clk 1:30:05]} 6. Bh4 {[%clk
1:30:54]} d6 {[%clk 1:25:12]} 7. e4 {[%clk 1:29:53]} Nbd7 {[%clk 1:23:55]} 8.
Bd3 {[%clk 1:27:35]} e5 {[%clk 1:18:58]} 9. d5 {[%clk 1:26:16]} a5 {[%clk
1:15:25]} 10. Nge2 {[%clk 1:25:58]} Nc5 {[%clk 1:09:54]} 11. O-O {[%clk
1:24:13]} Bxc3 {[%clk 1:08:40]} 12. Nxc3 {[%clk 1:23:41]} g5 {[%clk 1:07:25]}
13. Bg3 {[%clk 1:23:34]} Nh5 {[%clk 0:59:22]} 14. Qe2 {[%clk 1:17:43]} Nf4
{[%clk 0:55:24]} 15. Bxf4 {[%clk 1:17:59]} gxf4 {[%clk 0:53:49]} 16. Bc2 {[%clk
1:16:18]} Kh7 {[%clk 0:39:55]} 17. Qh5 {[%clk 1:10:21]} Rg8 {[%clk 0:34:33]}
18. h3 {[%clk 1:06:15]} Qf6 {[%clk 0:23:01]} 19. Kh2 {[%clk 1:05:16]} Rg5
{[%clk 0:22:45]} 20. Qf3 {[%clk 1:04:45]} Bd7 {[%clk 0:19:19]} 21. g3 {[%clk
1:03:01]} Rag8 {[%clk 0:13:13]} 22. Ne2 {[%clk 1:02:39]} fxg3+ {[%clk 0:01:47]}
23. fxg3 {[%clk 1:02:45]} Qxf3 {[%clk 0:01:54]} 24. Rxf3 {[%clk 1:03:13]} R8g7
{[%clk 0:00:40]} 25. Raf1 {[%clk 1:02:29]} Kg8 {[%clk 0:00:56]} 26. Nc3 {[%clk
0:59:52]} Kf8 {[%clk 0:00:41]} 27. b3 {[%clk 0:55:41]} Ke7 {[%clk 0:00:55]} 28.
a3 {[%clk 0:55:52]} Na6 {[%clk 0:00:44]} 29. Nd1 {[%clk 0:54:32]} b6 {[%clk
0:00:37]} 30. Ne3 {[%clk 0:54:10]} h5 {[%clk 0:00:32]} 31. Rg1 {[%clk 0:46:10]}
f6 {[%clk 0:00:37]} 32. Rb1 {[%clk 0:42:12]} Rg8 {[%clk 0:00:37]} 33. b4 {[%clk
0:40:57]} axb4 {[%clk 0:01:01]} 34. axb4 {[%clk 0:41:24]} Ra8 {[%clk 0:00:40]}
35. h4 {[%clk 0:39:36]} Rg6 {[%clk 0:00:34]} 36. Nf5+ {[%clk 0:36:46]} Bxf5
{[%clk 0:00:49]} 37. Rxf5 {[%clk 0:35:24]} Rag8 {[%clk 0:00:56]} 38. Rf3 {[%clk
0:35:10]} Nb8 {[%clk 0:00:34]} 39. Rbb3 {[%clk 0:32:49]} Nd7 {[%clk 0:00:42]}
40. Rf5 {[%clk 0:33:03]} Rh6 {[%clk 0:00:33]} 41. Bd1 {[%clk 0:33:22]} Ra8
{[%clk 0:23:21]} 42. Rxh5 {[%clk 1:01:47]} Ra2+ {[%clk 0:22:16]} 43. Kh3 {[%clk
1:02:01]} Rxh5 {[%clk 0:22:22]} 44. Bxh5 {[%clk 1:02:29]} Rc2 {[%clk 0:21:29]}
45. Bg6 {[%clk 1:02:14]} Rxc4 {[%clk 0:19:04]} 46. Kg4 {[%clk 0:54:00]} Kf8
{[%clk 0:04:15]} 47. Bf5 {[%clk 0:52:51]} Ke7 {[%clk 0:03:52]} 48. Bxd7 {[%clk
0:50:00]} Kxd7 {[%clk 0:04:20]} 49. Kf5 {[%clk 0:50:17]} Ke7 {[%clk 0:04:44]}
50. h5 {[%clk 0:49:27]} Kf7 {[%clk 0:04:57]} 51. h6 {[%clk 0:49:08]} Rc1 {[%clk
0:04:41]} 52. Rf3 {[%clk 0:46:31]} Rh1 {[%clk 0:00:43]} 53. Rc3 {[%clk
0:46:21]} Rh5+ {[%clk 0:01:05]} 54. Kg4 {[%clk 0:46:31]} Rxh6 {[%clk 0:01:12]}
55. Rxc7+ {[%clk 0:46:44]} Kg6 {[%clk 0:00:55]} 56. Rc6 {[%clk 0:46:50]} Kf7
{[%clk 0:00:46]} 57. Rxb6 {[%clk 0:45:48]} Rg6+ {[%clk 0:01:06]} 58. Kf3 {[%clk
0:45:43]} Rg8 {[%clk 0:00:32]} 59. Rb7+ {[%clk 0:45:02]} Kg6 {[%clk 0:01:00]}
60. b5 {[%clk 0:43:45]} Rc8 {[%clk 0:01:18]} 61. b6 {[%clk 0:40:53]} Rc3+
{[%clk 0:00:50]} 62. Kg2 {[%clk 0:40:16]} Re3 {[%clk 0:00:33]} 63. Rb8 {[%clk
0:40:31]} Rb3 {[%clk 0:00:47]} 64. b7 {[%clk 0:40:53]} Kg7 {[%clk 0:00:35]} 65.
Kh3 {[%clk 0:41:17]} 1-0

[Event "DEM U16 2021"]
[Site "Willingen GER"]
[Date "2021.08.24"]
[Round "3"]
[White "Lohmann, Laurin"]
[Black "Rohde, Niclas"]
[Result "0-1"]
[Termination "normal"]
[Board "14"]
[WhiteElo "1810"]
[BlackElo "1591"]
[WhiteClock "00:00:52"]
[BlackClock "00:08:50"]
[PlyCount "102"]
[WhiteFideId "16281594"]
[BlackFideId "16230205"]
[EventCountry "GER"]
[EventRounds "9"]
[EventType "swiss"]
[EventDate "2021.08.22"]

1. e4 {[%clk 1:30:56]} c5 {[%clk 1:30:48]} 2. c3 {[%clk 1:26:42]} d5 {[%clk
1:30:30]} 3. exd5 {[%clk 1:26:41]} Qxd5 {[%clk 1:30:50]} 4. d4 {[%clk 1:26:58]}
Nf6 {[%clk 1:31:05]} 5. Nf3 {[%clk 1:26:38]} Bg4 {[%clk 1:30:53]} 6. Be2 {[%clk
1:26:49]} e6 {[%clk 1:30:53]} 7. O-O {[%clk 1:26:30]} Nc6 {[%clk 1:30:46]} 8.
Be3 {[%clk 1:25:11]} cxd4 {[%clk 1:30:38]} 9. Nxd4 {[%clk 1:19:43]} Bxe2 {[%clk
1:30:27]} 10. Qxe2 {[%clk 1:19:28]} Nxd4 {[%clk 1:23:13]} 11. Bxd4 {[%clk
1:16:57]} Be7 {[%clk 1:22:19]} 12. Rd1 {[%clk 1:03:50]} Qc6 {[%clk 1:10:15]}
13. Bxf6 {[%clk 0:51:38]} Bxf6 {[%clk 1:09:27]} 14. Nd2 {[%clk 0:51:04]} O-O
{[%clk 1:07:38]} 15. Ne4 {[%clk 0:44:29]} Be7 {[%clk 1:03:08]} 16. Rd3 {[%clk
0:36:28]} Qb5 {[%clk 0:48:29]} 17. Rad1 {[%clk 0:27:07]} Rad8 {[%clk 0:35:40]}
18. Kf1 {[%clk 0:23:45]} Rxd3 {[%clk 0:33:00]} 19. Rxd3 {[%clk 0:24:13]} e5
{[%clk 0:24:02]} 20. Ng3 {[%clk 0:19:16]} g6 {[%clk 0:20:58]} 21. Re3 {[%clk
0:18:57]} Qxe2+ {[%clk 0:21:09]} 22. Kxe2 {[%clk 0:19:07]} f6 {[%clk 0:20:23]}
23. Rd3 {[%clk 0:18:18]} Rd8 {[%clk 0:19:57]} 24. Rxd8+ {[%clk 0:16:55]} Bxd8
{[%clk 0:20:25]} 25. Kd3 {[%clk 0:13:34]} Kf7 {[%clk 0:19:54]} 26. Kc4 {[%clk
0:13:33]} Ke6 {[%clk 0:19:19]} 27. b4 {[%clk 0:09:03]} f5 {[%clk 0:15:39]} 28.
f3 {[%clk 0:09:07]} h5 {[%clk 0:14:35]} 29. a4 {[%clk 0:06:23]} Bb6 {[%clk
0:12:18]} 30. Nf1 {[%clk 0:05:07]} e4 {[%clk 0:09:22]} 31. Ng3 {[%clk 0:02:56]}
Bc7 {[%clk 0:05:51]} 32. Ne2 {[%clk 0:01:02]} exf3 {[%clk 0:05:38]} 33. gxf3
{[%clk 0:01:30]} Bxh2 {[%clk 0:05:34]} 34. Kd4 {[%clk 0:01:35]} g5 {[%clk
0:04:30]} 35. Ke3 {[%clk 0:01:35]} Be5 {[%clk 0:03:41]} 36. c4 {[%clk 0:01:02]}
h4 {[%clk 0:02:54]} 37. Ng1 {[%clk 0:00:48]} Bc3 {[%clk 0:02:16]} 38. Nh3
{[%clk 0:01:02]} Bf6 {[%clk 0:01:26]} 39. a5 {[%clk 0:00:51]} Ke5 {[%clk
0:01:12]} 40. Nf2 {[%clk 0:00:41]} Be7 {[%clk 0:01:03]} 41. Nd3+ {[%clk
0:00:36]} Ke6 {[%clk 0:00:52]} 42. b5 {[%clk 0:00:34]} h3 {[%clk 0:26:00]} 43.
Kf2 {[%clk 0:20:58]} Bd6 {[%clk 0:24:54]} 44. c5 {[%clk 0:11:10]} Bb8 {[%clk
0:12:57]} 45. Nb4 {[%clk 0:10:19]} Bh2 {[%clk 0:10:39]} 46. b6 {[%clk 0:00:33]}
axb6 {[%clk 0:09:41]} 47. axb6 {[%clk 0:00:31]} g4 {[%clk 0:09:17]} 48. fxg4
{[%clk 0:00:59]} fxg4 {[%clk 0:09:39]} 49. c6 {[%clk 0:00:34]} g3+ {[%clk
0:08:46]} 50. Kf3 {[%clk 0:00:32]} g2 {[%clk 0:08:38]} 51. c7 {[%clk 0:00:52]}
Kd7 {[%clk 0:08:50]} 0-1

[Event "DEM U16 2021"]
[Site "Willingen GER"]
[Date "2021.08.25"]
[Round "4"]
[White "Hommer, Jeremy"]
[Black "Colbow, Collin"]
[Result "1-0"]
[Termination "normal"]
[Board "1"]
[BlackTitle "FM"]
[WhiteElo "2172"]
[BlackElo "2356"]
[WhiteClock "00:12:36"]
[BlackClock "00:01:00"]
[PlyCount "119"]
[WhiteFideId "12992577"]
[BlackFideId "16201132"]
[EventCountry "GER"]
[EventRounds "9"]
[EventType "swiss"]
[EventDate "2021.08.22"]

1. d4 {[%clk 1:30:56]} Nf6 {[%clk 1:30:55]} 2. Nf3 {[%clk 1:31:20]} e6 {[%clk
1:27:36]} 3. Bg5 {[%clk 1:31:44]} c5 {[%clk 1:24:15]} 4. d5 {[%clk 1:32:05]} d6
{[%clk 1:18:50]} 5. Bxf6 {[%clk 1:32:22]} Qxf6 {[%clk 1:17:07]} 6. Nc3 {[%clk
1:32:47]} e5 {[%clk 1:15:35]} 7. e4 {[%clk 1:29:39]} Be7 {[%clk 1:08:24]} 8.
Nd2 {[%clk 1:20:27]} O-O {[%clk 1:05:02]} 9. Bd3 {[%clk 1:19:53]} Qh6 {[%clk
0:59:17]} 10. O-O {[%clk 1:16:57]} Nd7 {[%clk 0:56:06]} 11. Nc4 {[%clk
1:05:37]} Nf6 {[%clk 0:53:45]} 12. Nb5 {[%clk 0:56:25]} Ne8 {[%clk 0:35:18]}
13. a4 {[%clk 0:54:37]} Bd7 {[%clk 0:33:32]} 14. c3 {[%clk 0:49:46]} Bd8 {[%clk
0:29:45]} 15. Nba3 {[%clk 0:46:21]} Rb8 {[%clk 0:22:16]} 16. b4 {[%clk
0:43:31]} cxb4 {[%clk 0:19:24]} 17. cxb4 {[%clk 0:43:54]} Qf6 {[%clk 0:13:41]}
18. Rc1 {[%clk 0:42:11]} Qe7 {[%clk 0:13:55]} 19. a5 {[%clk 0:34:49]} g6 {[%clk
0:12:09]} 20. f4 {[%clk 0:29:34]} exf4 {[%clk 0:12:08]} 21. Rxf4 {[%clk
0:29:59]} Ng7 {[%clk 0:08:19]} 22. Qf1 {[%clk 0:28:16]} Nh5 {[%clk 0:06:51]}
23. Rf2 {[%clk 0:28:10]} Nf6 {[%clk 0:05:44]} 24. h3 {[%clk 0:17:59]} Nxe4
{[%clk 0:05:11]} 25. Re1 {[%clk 0:15:54]} f5 {[%clk 0:04:49]} 26. Bxe4 {[%clk
0:14:12]} fxe4 {[%clk 0:04:28]} 27. Rxf8+ {[%clk 0:13:59]} Qxf8 {[%clk
0:04:55]} 28. Qxf8+ {[%clk 0:13:16]} Kxf8 {[%clk 0:05:21]} 29. Nxd6 {[%clk
0:13:30]} b6 {[%clk 0:01:35]} 30. Nac4 {[%clk 0:09:37]} bxa5 {[%clk 0:00:43]}
31. bxa5 Be7 {[%clk 0:00:33]} 32. Ne5 {[%clk 0:09:38]} Be8 {[%clk 0:00:37]} 33.
Nxe4 {[%clk 0:09:01]} Rb5 {[%clk 0:00:44]} 34. Rf1+ {[%clk 0:06:39]} Kg8 {[%clk
0:01:01]} 35. Nc6 {[%clk 0:06:33]} Bxc6 {[%clk 0:00:52]} 36. dxc6 {[%clk
0:06:57]} Bd8 {[%clk 0:00:55]} 37. Rc1 {[%clk 0:06:24]} Re5 {[%clk 0:00:34]}
38. Nf6+ {[%clk 0:05:56]} Kf7 {[%clk 0:00:34]} 39. Nd7 {[%clk 0:06:07]} Rxa5
{[%clk 0:00:33]} 40. c7 {[%clk 0:06:20]} Bxc7 {[%clk 0:00:54]} 41. Rxc7 {[%clk
0:06:44]} h5 {[%clk 0:29:44]} 42. Kf2 {[%clk 0:33:12]} Rf5+ {[%clk 0:22:01]}
43. Ke3 {[%clk 0:31:43]} Rg5 {[%clk 0:21:23]} 44. Nc5+ {[%clk 0:30:25]} Ke8
{[%clk 0:18:57]} 45. Ne4 {[%clk 0:30:37]} Rxg2 {[%clk 0:18:27]} 46. Rxa7 {[%clk
0:30:52]} Kf8 {[%clk 0:10:40]} 47. Kf4 {[%clk 0:28:43]} Rg1 {[%clk 0:08:35]}
48. Ke5 {[%clk 0:25:57]} Rf1 {[%clk 0:07:41]} 49. h4 {[%clk 0:23:28]} Ke8
{[%clk 0:04:12]} 50. Ng5 {[%clk 0:19:03]} Rf2 {[%clk 0:02:13]} 51. Ke6 {[%clk
0:19:05]} Kd8 {[%clk 0:01:59]} 52. Nf7+ {[%clk 0:17:04]} Kc8 {[%clk 0:02:25]}
53. Nd6+ {[%clk 0:17:25]} Kb8 {[%clk 0:02:49]} 54. Rb7+ {[%clk 0:17:46]} Ka8
{[%clk 0:03:16]} 55. Rf7 {[%clk 0:17:12]} Rg2 {[%clk 0:02:45]} 56. Kd7 {[%clk
0:12:31]} Ka7 {[%clk 0:00:56]} 57. Kc6+ {[%clk 0:12:03]} Ka6 {[%clk 0:01:18]}
58. Ne4 {[%clk 0:12:16]} Rg4 {[%clk 0:00:35]} 59. Nc5+ {[%clk 0:12:19]} Ka5
{[%clk 0:01:00]} 60. Rb7 {[%clk 0:12:36]} 1-0

[Event "DEM U16 2021"]
[Site "Willingen GER"]
[Date "2021.08.25"]
[Round "4"]
[White "Farokhi, Keyvan"]
[Black "Pubantz, Jan"]
[Result "1/2-1/2"]
[Termination "normal"]
[Board "2"]
[WhiteElo "2045"]
[BlackElo "2268"]
[WhiteClock "01:33:15"]
[BlackClock "01:15:31"]
[PlyCount "27"]
[WhiteFideId "12998630"]
[BlackFideId "12996114"]
[EventCountry "GER"]
[EventRounds "9"]
[EventType "swiss"]
[EventDate "2021.08.22"]

1. e4 {[%clk 1:30:49]} c6 {[%clk 1:30:55]} 2. d4 {[%clk 1:31:05]} d5 {[%clk
1:31:19]} 3. exd5 {[%clk 1:31:23]} cxd5 {[%clk 1:31:41]} 4. c4 {[%clk 1:31:48]}
Nf6 {[%clk 1:31:55]} 5. Nc3 {[%clk 1:32:10]} Nc6 {[%clk 1:31:58]} 6. Nf3 {[%clk
1:32:32]} g6 {[%clk 1:31:44]} 7. cxd5 {[%clk 1:32:54]} Nxd5 {[%clk 1:32:06]} 8.
Qb3 {[%clk 1:33:17]} Nxc3 {[%clk 1:31:54]} 9. Bc4 {[%clk 1:33:39]} e6 {[%clk
1:30:24]} 10. bxc3 {[%clk 1:33:42]} Bg7 {[%clk 1:30:30]} 11. Ba3 {[%clk
1:34:02]} Bf8 {[%clk 1:30:31]} 12. Bc1 {[%clk 1:33:09]} Bg7 {[%clk 1:15:48]}
13. Ba3 {[%clk 1:33:15]} Bf8 {[%clk 1:15:31]} 14. Bc1 1/2-1/2